Defects in new homes (Record no. 76933)

MARC details
000 -LEADER
fixed length control field 00954cab a2200193 4500
001 - CONTROL NUMBER
control field ##L133324
008 - FIXED-LENGTH DATA ELEMENTS--GENERAL INFORMATION
fixed length control field 060502n2006 000 0 eng u
035 ## - SYSTEM CONTROL NUMBER
System control number (Sirsi) u133324
041 0# - LANGUAGE CODE
Language code of text/sound track or separate title eng
100 1# - MAIN ENTRY--PERSONAL NAME
Personal name Sommerville, James
245 00 - TITLE STATEMENT
Title Defects in new homes
Remainder of title an analysis of data on 1 696 new UK houses
260 ## - PUBLICATION, DISTRIBUTION, ETC.
Date of publication, distribution, etc. 2006
490 #0 - SERIES STATEMENT
Series statement Structural Survey
Volume/sequential designation 24(1) 2006, 6-21(16)
520 ## - SUMMARY, ETC.
Summary, etc. Analysis of detailed data from nearly 1 700 new homes reveals that snags damage the image of house builders, detract from customer satisfaction and reduce the potential profit on each house, as builders absorb the costs of both snagging which is remedied during the course of construction and on hand-over. In addition, the analysis shows that there is a direct relationship between size of property and the number of snags identified.
590 ## - LOCAL NOTE (RLIN)
Local note IKA090506
690 ## - LOCAL SUBJECT ADDED ENTRY--TOPICAL TERM (OCLC, RLIN)
Topical term or geographic name as entry element BUILT ENVIRONMENT-BUILDING PATHOLOGY
700 1# - ADDED ENTRY--PERSONAL NAME
Personal name McCosh, Julie
942 ## - ADDED ENTRY ELEMENTS (KOHA)
Suppress in OPAC 0
Holdings
Withdrawn status Lost status Source of classification or shelving scheme Damaged status Not for loan Home library Current library Shelving location Date acquired Total Checkouts Full call number Barcode Date last seen Copy number Price effective from Koha item type
    Dewey Decimal Classification     London London Journal article 02/05/2006   L133324 133324-1001 06/08/2019 1 06/08/2019 Journal article